Matematická statistika

Gespeichert in:
Bibliographische Detailangaben
1. Verfasser: Likeš, Jiří
Weitere Verfasser: Machek, Josef
Format: Buch
Sprache:Tschechisch
Veröffentlicht: Praha Stát. nakl. techn. lit. 1988
Ausgabe:2. vyd.
Schriftenreihe:Matematika pro vysoké školy technické Seš.11
Tags: Tag hinzufügen
Keine Tags, Fügen Sie das erste Tag hinzu!

MARC

LEADER 00000nam a2200000 4500
001 c032169
005 20221219085318.6
041 0 |a cze 
044 |a CZ 
245 1 0 |a Matematická statistika  |c Jiří Likeš, Josef Machek 
250 |a 2. vyd. 
264 1 |a Praha  |b Stát. nakl. techn. lit.  |c 1988 
300 |a 178 s. 
490 1 |a Matematika pro vysoké školy technické  |v Seš.11 
830 0 |a Matematika pro vysoké školy technické  |v Seš.11 
100 1 |a Likeš, Jiří 
700 1 |a Machek, Josef